Central European economic review Free Market Developments from the Danube to the Urals

Na minha lista:
Detalhes bibliográficos
Formato: Periódico
Idioma:inglês
Publicado em: Brussels Dow Jones 1994
Assuntos:
Tags: Adicionar Tag
Sem tags, seja o primeiro a adicionar uma tag!

MARC

LEADER 00000nas2a2200000 4500
001 s017800
005 20240109095804.5
022 |a 0921-9986 
041 0 |a eng 
044 |a NL 
245 1 0 |a Central European economic review  |b Free Market Developments from the Danube to the Urals 
264 1 |a Brussels  |b Dow Jones  |c 1994 
300 |a 1 zv. 
773 0 |w eu_un_cat*s120105 
610 2 0 |a hospodárstvo národné 
610 2 0 |a investície 
610 2 0 |a trh